Russische Zaren - Sudden Death - Statistiken

Allgemein
  • Dieses Quiz wurde 199 mal gespielt
  • Das Durchschnittsergebnis liegt bei 5 aus 14
Answers on the Grid
Answers color-coded by a green-red scale on the quiz's grid according to % correct below.
Iwan
Wassili
Sergej
Fjodor
Konstantin
Roman
Boris
Ruslan
Karl
Michael
Wladimir
Sophia
Alexei
Juri
Peter
Oleg
Igor
Anna
Katharina
Natalia
Elisabeth
Paul
Sofia
Alexander
Marina
Nikita
Valentin
Nikolaus
Leonid
Valentina
 
Antwortstatistiken
Antwort % Korrekt
Katharina
72%
Nikolaus
67%
Iwan
65%
Alexander
59%
Peter
56%
Alexei
28%
Anna
19%
Elisabeth
17%
Fjodor
17%
Boris
15%
Paul
15%
Michael
13%
Wassili
9%
Sophia
6%
Keine übereinstimmenden Quizze gefunden
Verteilung der Resultate
Anzahl Personen mit jedem Resultat
Perzentil nach korrekt beantworteten Fragen
Ihre Resultats-Entwicklung
Sie haben dieses Quiz noch nicht gespielt